| 000 | 01071nac a22003497a 4500 | ||
|---|---|---|---|
| 001 | BR0804240 | ||
| 003 | BR-BrBNA | ||
| 005 | 20240105123609.0 | ||
| 008 | 230509b bl.|||m| |||| 00| 0 por d | ||
| 040 |
_aBR-BrBNA _bpor _cBiblioteca Nacional de Agricultura |
||
| 072 | _aE16; F01 | ||
| 090 | _a0810 BR0804240 | ||
| 100 | 1 | _aSilva, H.R. da | |
| 100 | 1 | _aCosta, N.D. | |
| 110 | 1 |
_aEMBRAPA Hortaliça, Brasília, DF (Brasil) _93635 |
|
| 110 | 1 | _aEMBRAPA Semi-Árido, Peterolina, PE (Brasil) | |
| 245 | 1 | _aMelão, produção, aspectos técnicos | |
| 260 | 3 |
_aBrasília, DF (Brasil): _bEMBRAPA Informação Tecnológica, _c2003. |
|
| 300 | _a144 p. | ||
| 490 |
_aFrutas do Brasil (Brazil) _vno. 33 _x |
||
| 500 | _a15 illus.; 28 tables | ||
| 650 | _aMELÃO | ||
| 650 | _aVARIEDADE | ||
| 650 | _aSISTEMA DE PRODUÇÃO | ||
| 650 | _aÉPOCA DE PLANTIO | ||
| 650 | _aPRÁTICA CULTURAL | ||
| 650 | _aFERTIRRIGAÇÃO | ||
| 650 | _aCOMERCIALIZAÇÃO | ||
| 650 | _aEXPORTAÇÃO | ||
| 909 |
_a202312 _bLúcia Elande _c55 _dLúcia Elande |
||
| 942 |
_2AGRIS _n0 _cMS |
||
| 999 |
_c296155 _d296155 |
||